000 00407cam a2200169ua 4500
001 15625
008 190424n II |||gr||||Z||||||eng
040 _aMAIN
041 _aEnglish
082 _a579 JAS
100 _aJASRA, O. P.
245 _aTECHNIQUES IN MICROBIOLOGY
260 _aNEW DELHI:
_bSARUP & SONS,
_c2004.
300 _a376:
_c20CM.
653 _aMicroorganisms, fungi & algae
942 _cBK
999 _c15510
_d15510